01307nam a2200253 a 450000100100000000500170001000800410002702000180006804000250008608200150011110000480012624501750017424601140034926000520046330000210051550000620053650000420059870000290064004900090066995201270067895201130080595201180091899900170103600002241920200930011725.0101011s2009 dr 000 0 spa d a9789945856835 aDO-SdBNPbspacBNPHU axxxbG993c1 aGuzmán F., Francisco Rafaeld1950-94621910a50 años de la Facultad de Ciencias Económicas y Sociales. Medio siglo: una historia, una facultad. /cFrancisco Rafael Guzmán F. ; presentación Emma Polanco Melo.10aCincuenta años de la Facultad de Ciencias Económicas y Sociales. Medio siglo: una historia, una facultad. aSanto Domingo :bComputhen todo impreso,c2009. a204 p. ;c28 cm. aIncluye datos biográficos del autor en la contraportada aIncluye notas al pie de las páginas1 aPolanco Melo, Emma91975 aBNPD 001054708DSaGRbGRcCTd2010-10-11iLF1l0oxxx G993cp22419-30r2020-06-25te.3w2020-06-25yLFDSZPréstamo en sala 0010718PDaPDbPDcCTd2010-10-11iLF1l0oxxx G993cp22419-10r2020-06-25w2020-06-25yLFPDZNo se presta 0010718PDaPDbPDcCTd2010-10-11iLF1l0oxxx G993cp22419-20r2020-06-25te.2w2020-06-25yLFPDZNo se presta c21917d21917